01149nam a2200301Ia 4500001001200000003000800012006001900020007001500039008004100054010001700095020001800112020001800130020001500148040002100163035002100184050002700205100002000232245007900252260005800331300001600389504005300405533015200458650004000610650002500650655002900675710001700704856012600721ebr10573963CaPaEBRm u cr cn|||||||||091215s2011 nyu sb 001 0 eng d z 2009052580 z9781438432113 z9781438432137 z1438432119 aCaPaEBRcCaPaEBR a(OCoLC)79469903514aBL1243.32b.S53 2011eb1 aSharma, Arvind.10aHinduism as a missionary religionh[electronic resource] /cArvind Sharma. aAlbany :bState University of New York Press,cc2011. avii, 195 p. aIncludes bibliographical references and indexes. aElectronic reproduction.bPalo Alto, Calif. :cebrary,d2011.nAvailable via World Wide Web.nAccess may be limited to ebrary affiliated libraries. 0aHinduismxMissionsxHistoriography. 0aHinduismxInfluence. 7aElectronic books.2local2 aebrary, Inc.40uhttp://site.ebrary.com/lib/rucke/Doc?id=10573963zAn electronic book accessible through the World Wide Web; click to view